Construcción y quiebre del sentimentalismo burgues : una aproximación al melodrama en aves sin nido y boquitas pintadas /
Gespeichert in:
| 1. Verfasser: | |
|---|---|
| Format: | Unbekannt |
| Sprache: | Spanish |
| Schlagworte: | |
| Tags: |
Tag hinzufügen
Keine Tags, Fügen Sie den ersten Tag hinzu!
|
MARC
| LEADER | 000000000a22000000004500 | ||
|---|---|---|---|
| 001 | 001962 | ||
| 041 | 0 | |a spa | |
| 100 | 1 | |a Klein, Eva | |
| 245 | 1 | 0 | |a Construcción y quiebre del sentimentalismo burgues : |b una aproximación al melodrama en aves sin nido y boquitas pintadas / |c Eva Klein. |
| 310 | |a semestral | ||
| 650 | 4 | |a LITERATURA LATINOAMERICANA | |
| 650 | 4 | |a CONSTRUCCION DE SU SUJETO | |
| 650 | 4 | |a FRACASO DEL SENTIMENTALISMO BURGES | |
| 650 | 4 | |a CRISIS | |
| 650 | 4 | |a MATTO DE TURNER, CLORINDA | |
| 650 | 4 | |a AVES SIN NIDO | |
| 650 | 4 | |a PERU | |
| 650 | 4 | |a SIGLO XIX | |
| 650 | 4 | |a PUIG, MANUEL, 1932- | |
| 650 | 4 | |a BOQUITAS PINTADAS | |
| 650 | 4 | |a ARGENTINA | |
| 650 | 4 | |a SIGLO XX | |
| 650 | 4 | |a ARGUMENTO MELODRAMATICO | |
| 650 | 4 | |a SIGNIFICADO POLITICO | |
| 650 | 4 | |a BURGUESIA | |
| 650 | 4 | |a HETEROGENEIDAD | |
| 773 | 0 | |x 0798-958-X |d Venezuela : Universidad Simón Bolívar |t Estudios: Revista de Investigaciones Literarias y Culturales |g volumen 5, número 10 (1997), páginas 147-159 | |
| 942 | |c ARC | ||
| 999 | |c 9751 |d 9751 | ||
